01173nam a22002657i 4500003000900000005001700009007000300026008004100029040003100070100005000101110009400151245012700245264006400372300003200436336002800468337003400496338002900530500008700559504002900646590007500675590002700750942001300777952010000790999001700890DO-SdBNP20240215085342.0ta240117b1917 dr ||||| |||| 00| 0 spa d aDO-SdBNP bspacBNPHUerda1 aRodríguez Castro, Domingo A. eautor9847972 aUniversidad Central de Santo Domingo :bFacultad de Farmacia y Ciencias Químicas98479810a¿Existe algún signo para el conocimiento de la toxicidad de los hongos agaricáceos? /cDomingo A. Rodríguez Castro. aSanto Domingo :bTipografía El Progreso Emiliano, c1917. a19, [4] páginas ;c25 cm. 2rdacontent atextobtxt 2rdamedia asin mediaciónbn 2rdacarrier avolumenbnc aTesis para el Doctorado en Farmacia y Ciencias Químicas. Licenciado en Farmacia aBibliografía : p. [23] aPerteneció a la biblioteca personal de Carlos Larrazábal Blanco. aInventariado, 2024 /LP 2ddccLF2 00102ddc51708PD-RVaBNPHUbBNPHUcCTd2024-01-17l0p2024-0290r2024-01-17w2024-01-17yLF2 c55717d55717